<?xml version="1.0" encoding="UTF-8"?>
<record
    xmlns:xsi="http://www.w3.org/2001/XMLSchema-instance"
    xsi:schemaLocation="http://www.loc.gov/MARC21/slim http://www.loc.gov/standards/marcxml/schema/MARC21slim.xsd"
    xmlns="http://www.loc.gov/MARC21/slim">

  <leader>02182nam0a2200373 i 4500</leader>
  <controlfield tag="001">RU\NLR\bibl\2058298</controlfield>
  <controlfield tag="005">20260408070329.0</controlfield>
  <datafield tag="010" ind1=" " ind2=" ">
    <subfield code="a">9785998801563</subfield>
    <subfield code="9">300</subfield>
  </datafield>
  <datafield tag="021" ind1=" " ind2=" ">
    <subfield code="a">RU</subfield>
    <subfield code="b">2013-50920</subfield>
    <subfield code="9">3530</subfield>
  </datafield>
  <datafield tag="035" ind1=" " ind2=" ">
    <subfield code="a">(NLR Aleph) 002045107</subfield>
  </datafield>
  <datafield tag="090" ind1=" " ind2=" ">
    <subfield code="a">4614721</subfield>
    <subfield code="c">4614721</subfield>
  </datafield>
  <datafield tag="100" ind1=" " ind2=" ">
    <subfield code="a">20130731d2013    u  y0rusy50      ca</subfield>
  </datafield>
  <datafield tag="101" ind1="0" ind2=" ">
    <subfield code="a">rus</subfield>
  </datafield>
  <datafield tag="102" ind1=" " ind2=" ">
    <subfield code="a">RU</subfield>
  </datafield>
  <datafield tag="105" ind1=" " ind2=" ">
    <subfield code="a">y   |||||||||</subfield>
  </datafield>
  <datafield tag="200" ind1="1" ind2=" ">
    <subfield code="a">&#x421;&#x435;&#x442;&#x435;&#x432;&#x43E;&#x439; &#x430;&#x43D;&#x430;&#x43B;&#x438;&#x437; &#x43F;&#x443;&#x431;&#x43B;&#x438;&#x447;&#x43D;&#x43E;&#x439; &#x43F;&#x43E;&#x43B;&#x438;&#x442;&#x438;&#x43A;&#x438;</subfield>
    <subfield code="e">&#x443;&#x447;&#x435;&#x431;&#x43D;&#x438;&#x43A;</subfield>
    <subfield code="e">[&#x434;&#x43B;&#x44F; &#x43F;&#x440;&#x43E;&#x433;&#x440;&#x430;&#x43C;&#x43C; &#x43C;&#x430;&#x433;&#x438;&#x441;&#x442;&#x440;&#x430;&#x442;&#x443;&#x440;&#x44B; &#x43F;&#x43E; &#x43D;&#x430;&#x43F;&#x440;&#x430;&#x432;&#x43B;&#x435;&#x43D;&#x438;&#x44E; 030200 "&#x41F;&#x43E;&#x43B;&#x438;&#x442;&#x43E;&#x43B;&#x43E;&#x433;&#x438;&#x44F;", 040100 "&#x421;&#x43E;&#x446;&#x438;&#x43E;&#x43B;&#x43E;&#x433;&#x438;&#x44F;", 080200 "&#x41C;&#x435;&#x43D;&#x435;&#x434;&#x436;&#x43C;&#x435;&#x43D;&#x442;", 081100 "&#x413;&#x43E;&#x441;&#x443;&#x434;&#x430;&#x440;&#x441;&#x442;&#x432;&#x435;&#x43D;&#x43D;&#x43E;&#x435; &#x438; &#x43C;&#x443;&#x43D;&#x438;&#x446;&#x438;&#x43F;&#x430;&#x43B;&#x44C;&#x43D;&#x43E;&#x435; &#x443;&#x43F;&#x440;&#x430;&#x432;&#x43B;&#x435;&#x43D;&#x438;&#x435;"</subfield>
    <subfield code="f">&#x434;&#x43E;&#x446;., &#x43A;.&#x441;&#x43E;&#x446;&#x438;&#x43E;&#x43B;.&#x43D;., &#x412;&#x43E;&#x43B;&#x43A;&#x43E;&#x432;&#x430; &#x410;.&#x412;., &#x434;.&#x444;&#x438;&#x43B;&#x43E;&#x441;.&#x43D;. &#x415;&#x432;&#x438;&#x43D; &#x418;.&#x410;., &#x43A;.&#x43F;&#x43E;&#x43B;&#x438;&#x442;.&#x43D;. &#x41A;&#x43E;&#x432;&#x435;&#x440;&#x437;&#x43D;&#x435;&#x432;&#x430; &#x421;.&#x410;. &#x438; &#x434;&#x440;.]</subfield>
    <subfield code="g">&#x43F;&#x43E;&#x434; &#x440;&#x435;&#x434;. &#x43F;&#x440;&#x43E;&#x444;., &#x434;.&#x444;&#x438;&#x43B;&#x43E;&#x441;.&#x43D;. &#x41B;.&#x412;. &#x421;&#x43C;&#x43E;&#x440;&#x433;&#x443;&#x43D;&#x43E;&#x432;&#x430;</subfield>
    <subfield code="g">&#x421;.-&#x41F;&#x435;&#x442;&#x435;&#x440;&#x431;. &#x433;&#x43E;&#x441;. &#x443;&#x43D;-&#x442;</subfield>
  </datafield>
  <datafield tag="210" ind1=" " ind2=" ">
    <subfield code="a">&#x41C;&#x43E;&#x441;&#x43A;&#x432;&#x430;</subfield>
    <subfield code="c">&#x420;&#x413;-&#x41F;&#x440;&#x435;&#x441;&#x441;</subfield>
    <subfield code="d">2013</subfield>
  </datafield>
  <datafield tag="215" ind1=" " ind2=" ">
    <subfield code="a">318 &#x441;.</subfield>
    <subfield code="c">&#x438;&#x43B;.</subfield>
    <subfield code="d">21</subfield>
  </datafield>
  <datafield tag="300" ind1=" " ind2=" ">
    <subfield code="a">&#x410;&#x432;&#x442;. &#x443;&#x43A;&#x430;&#x437;&#x430;&#x43D;&#x44B; &#x43D;&#x430; &#x43E;&#x431;&#x43E;&#x440;&#x43E;&#x442;&#x435; &#x442;&#x438;&#x442;. &#x43B;.</subfield>
  </datafield>
  <datafield tag="320" ind1=" " ind2=" ">
    <subfield code="a">&#x411;&#x438;&#x431;&#x43B;&#x438;&#x43E;&#x433;&#x440;.: &#x441;. 308-313 (113 &#x43D;&#x430;&#x437;&#x432;.), &#x432; &#x43A;&#x43E;&#x43D;&#x446;&#x435; &#x433;&#x43B;&#x430;&#x432; &#x438; &#x432; &#x43F;&#x43E;&#x434;&#x441;&#x442;&#x440;&#x43E;&#x447;. &#x43F;&#x440;&#x438;&#x43C;&#x435;&#x447;.</subfield>
  </datafield>
  <datafield tag="606" ind1="1" ind2=" ">
    <subfield code="a">&#x41F;&#x43E;&#x43B;&#x438;&#x442;&#x438;&#x447;&#x435;&#x441;&#x43A;&#x438;&#x435; &#x441;&#x435;&#x442;&#x438;</subfield>
    <subfield code="j">&#x423;&#x447;&#x435;&#x431;&#x43D;&#x438;&#x43A;&#x438; &#x434;&#x43B;&#x44F; &#x432;&#x44B;&#x441;&#x448;&#x438;&#x445; &#x443;&#x447;&#x435;&#x431;&#x43D;&#x44B;&#x445; &#x437;&#x430;&#x432;&#x435;&#x434;&#x435;&#x43D;&#x438;&#x439;</subfield>
    <subfield code="9">2256263</subfield>
    <subfield code="3">RU\NLR\AUTH\6601583239</subfield>
  </datafield>
  <datafield tag="606" ind1="1" ind2=" ">
    <subfield code="a">&#x41F;&#x43E;&#x43B;&#x438;&#x442;&#x438;&#x43A;&#x430;</subfield>
    <subfield code="j">&#x423;&#x447;&#x435;&#x431;&#x43D;&#x438;&#x43A;&#x438; &#x434;&#x43B;&#x44F; &#x432;&#x44B;&#x441;&#x448;&#x438;&#x445; &#x443;&#x447;&#x435;&#x431;&#x43D;&#x44B;&#x445; &#x437;&#x430;&#x432;&#x435;&#x434;&#x435;&#x43D;&#x438;&#x439;</subfield>
    <subfield code="x">&#x422;&#x435;&#x43E;&#x440;&#x438;&#x44F;</subfield>
    <subfield code="9">2139625</subfield>
    <subfield code="3">RU\NLR\AUTH\661289760</subfield>
  </datafield>
  <datafield tag="686" ind1="1" ind2=" ">
    <subfield code="a">&#x424;011.4&#x44F;73</subfield>
  </datafield>
  <datafield tag="686" ind1="1" ind2=" ">
    <subfield code="a">&#x424;.&#x432;.&#x44F;73</subfield>
  </datafield>
  <datafield tag="701" ind1=" " ind2="1">
    <subfield code="4">070</subfield>
    <subfield code="8">rus</subfield>
    <subfield code="7">ca</subfield>
    <subfield code="a">&#x412;&#x43E;&#x43B;&#x43A;&#x43E;&#x432;&#x430;</subfield>
    <subfield code="b">&#x410;. &#x412;.</subfield>
    <subfield code="c">&#x43A;&#x430;&#x43D;&#x434;. &#x441;&#x43E;&#x446;&#x438;&#x43E;&#x43B;. &#x43D;&#x430;&#x443;&#x43A;</subfield>
    <subfield code="f">1975-</subfield>
    <subfield code="g">&#x410;&#x43D;&#x43D;&#x430; &#x412;&#x43B;&#x430;&#x434;&#x438;&#x43C;&#x438;&#x440;&#x43E;&#x432;&#x43D;&#x430;</subfield>
    <subfield code="3">RU\NLR\auth\77125264</subfield>
    <subfield code="9">108189</subfield>
  </datafield>
  <datafield tag="701" ind1=" " ind2="1">
    <subfield code="a">&#x415;&#x432;&#x438;&#x43D;</subfield>
    <subfield code="b">&#x418;. &#x410;.</subfield>
    <subfield code="4">070</subfield>
  </datafield>
  <datafield tag="701" ind1=" " ind2="1">
    <subfield code="a">&#x41A;&#x43E;&#x432;&#x435;&#x440;&#x437;&#x43D;&#x435;&#x432;&#x430;</subfield>
    <subfield code="b">&#x421;. &#x410;.</subfield>
    <subfield code="4">070</subfield>
  </datafield>
  <datafield tag="712" ind1="0" ind2="2">
    <subfield code="4">570</subfield>
    <subfield code="a">&#x421;&#x430;&#x43D;&#x43A;&#x442;-&#x41F;&#x435;&#x442;&#x435;&#x440;&#x431;&#x443;&#x440;&#x433;&#x441;&#x43A;&#x438;&#x439; &#x433;&#x43E;&#x441;&#x443;&#x434;&#x430;&#x440;&#x441;&#x442;&#x432;&#x435;&#x43D;&#x43D;&#x44B;&#x439; &#x443;&#x43D;&#x438;&#x432;&#x435;&#x440;&#x441;&#x438;&#x442;&#x435;&#x442;</subfield>
    <subfield code="3">RU\NLR\AUTH\8810043151</subfield>
    <subfield code="9">585805</subfield>
  </datafield>
  <datafield tag="801" ind1=" " ind2="0">
    <subfield code="a">RU</subfield>
    <subfield code="b">NLR</subfield>
    <subfield code="c">20130731</subfield>
    <subfield code="g">RCR</subfield>
  </datafield>
  <datafield tag="801" ind1=" " ind2="1">
    <subfield code="a">RU</subfield>
    <subfield code="b">NLR</subfield>
    <subfield code="c">20130731</subfield>
  </datafield>
  <datafield tag="942" ind1=" " ind2=" ">
    <subfield code="c">BOOK</subfield>
  </datafield>
  <datafield tag="980" ind1=" " ind2=" ">
    <subfield code="a">NBR</subfield>
  </datafield>
</record>
